Uplatňovanie marketingu a PR v podmienkach univerzít v SR

Postoje a prístupy k aplikáciii marketingu v sektore univerzitného vzdelávania. Hodnotenie nástrojov, metód a systémov implementácie marketingu v aktivitách fakúlt a katedier. Ciele univerzitného marketingu a jeho podstata. Faktory odlišujúce tradičnú univerzitu od marketingovo orientovanej inštitúc...

Descrizione completa

Salvato in:
Dettagli Bibliografici
Autore principale: Lesáková, Dagmar, 1949-
Natura: Capitolo di libro
Lingua:slovacco
Soggetti:
Tags: Aggiungi Tag
Nessun Tag, puoi essere il primo ad aggiungerne!!

MARC

LEADER 00000naa$a2200000$$$4500
001 0081069
005 20240502083217.9
041 0 |a slo 
044 |a CZ 
245 1 0 |a Uplatňovanie marketingu a PR v podmienkach univerzít v SR  |c Dagmar Lesáková 
520 |a Postoje a prístupy k aplikáciii marketingu v sektore univerzitného vzdelávania. Hodnotenie nástrojov, metód a systémov implementácie marketingu v aktivitách fakúlt a katedier. Ciele univerzitného marketingu a jeho podstata. Faktory odlišujúce tradičnú univerzitu od marketingovo orientovanej inštitúcie. V príspevku sú prezentované metódy skúmania imidžu vysokej školy a postupov jeho cieľavedomého utvárania. Príspevok vyúsťuje do návrhov zamerania aktivít oddelení PR v univerzitnom sektore. 
610 2 0 |a univerzity 
610 2 0 |a imidž 
610 2 0 |a vzdelávanie vysokoškolské 
610 2 0 |a marketing 
610 2 0 |a práca s verejnosťou 
610 2 0 |a Slovensko 
100 1 |a Lesáková, Dagmar, 1949-